| 000 | 00904ntaaa2200301 4500 | ||
|---|---|---|---|
| 003 | 01 | ||
| 005 | 20251027203302.0 | ||
| 008 | 0714s1973 ag 01 | ||
| 040 |
_aAR-BaBN _bspa _cAR-BaBN _eaacr _dRIC |
||
| 082 | _a193 M56 | ||
| 100 |
_aMesser, Augusto _935818 |
||
| 245 |
_aLa filosofía moderna : _bDe Kant a Hegel / _cAugusto Messer, traducido por Perez Bances |
||
| 250 | _a2° ed. | ||
| 260 |
_aBuenos Aires : _bEspasa-Calpe, _c1942 |
||
| 300 | _a265 p. | ||
| 505 | _tIntroducción Kant | ||
| 505 | _tLa doctrina kantiana del conocimiento | ||
| 505 | _tEtica y filosofía de la religión de Kant | ||
| 505 | _tTeología y estética de Kant | ||
| 505 | _tEfectos de la filosofía de Kant | ||
| 505 | _tFichte | ||
| 505 | _tSchelling | ||
| 505 | _tSchleiermacher | ||
| 505 | _tHegel | ||
| 650 |
_aFILOSOFIA MODERNA _91860 |
||
| 700 |
_aBances, Perez _etraductor _935819 |
||
| 942 | _cBK | ||
| 999 |
_c28324 _d28324 |
||